Quizzes
Events
Quiz Creation
Community
Videos
Private Events
Remove Ads
Sign In
Join for FREE
Feedback
Dark Mode
Quiz Categories
Sports
Geography
Music
Movies
Television
Just For Fun
Miscellaneous
History
Literature
Language
Science
Gaming
Entertainment
Religion
Holiday
For Kids
Quiz Lab
Recent
Popular Today
Quiz Kudos Today
Editor Picks
Curator Picks
Quizzes by...
Day
Popularity
Type
Ratings
Length
Year
Community
Subscriptions
Recent Discussions
Orange Saloon
Badges
Playlists
Quests
Create
Leaderboards
Showdown
Live 5
Trivia Bingo
Activity
Puzzle Library
Sporcle Events
Private Events
Virtual Trivia
Globe League
Become a Host
Pub Owners
SporcleCon
Opinionation
Our Games
Videos
Blog
Mobile Apps
Partnerships
Remove Ads and Go Orange
Feedback
History
US Presidents
World Leaders
Politics
Nation
Discovery
War
Decade
Year
Century
Biography
Art
History
US Presidents
World Leaders
Politics
Nation
Discovery
War
Decade
Year
Century
Biography
Art
Random Quiz
Search Sporcle
×
Curator Pick
Curator Pick
History
Country
Type in answers that appear in a list
Type in answers that appear in a list
Classic
Best Score? Go Orange.
African Dictator by Country Stats
Can you name the African dictators by country and term of rule?
By
StupidBunny
5m
45 Questions
457 Plays
457 Plays
457 Plays
Comments
Comments
Give Quiz Kudos
Give Quiz Kudos
-
- Ratings
hide this ad
More Info
Replay
Link that replays current quiz
Next Quiz
Link to next quiz in quiz playlist
You Got
0%
They Got
Avg Score
31%
Avg Friend Score
Upgrade to see
Score Distribution
Jump to the score distribution portion of the page
Score
0/45
Timer
05:00
0
Plays Today
Country
Dictator
% Correct
Libya
Muammar al-Gaddafi
81.4%
Uganda
Idi Amin
81.2%
Zimbabwe
Robert Mugabe
76.6%
Egypt
Hosni Mubarak
72.4%
Liberia
Charles Taylor
57.1%
Sudan
Omar al-Bashir
55.6%
Zaire
Mobutu Sese Seko
54.7%
Tunisia
Ben Ali
46.6%
Central African Empire
Jean-Bédel Bokassa
46.4%
Cameroon
Paul Biya
41.6%
Somalia
Siad Barre
38.7%
Angola
José Eduardo dos Santos
36.5%
Rwanda
Paul Kagame
35%
Guinea
Ahmed Sékou Touré
33.7%
Gabon
Omar Bongo
33.3%
Ethiopia
Mengistu Haile Mariam
31.7%
Chad
Idriss Déby
31.1%
Algeria
Abdelaziz Bouteflika
31.1%
Malawi
Hastings Banda
30.6%
Tanzania
Julius Nyerere
29.3%
Nigeria
Sani Abacha
29.1%
Ghana
Jerry Rawlings
28.4%
Equatorial Guinea
Teodoro Obiang Nguema Mbasogo
27.6%
Country
Dictator
% Correct
Kenya
Daniel arap Moi
26.7%
Zambia
Kenneth Kaunda
26.3%
Togo
Gnassingbé Eyadéma
25.8%
The Gambia
Yahya Jammeh
23.9%
Burkina Faso
Blaise Compaoré
23.9%
Mali
Moussa Traoré
23%
Côte d'Ivoire
Félix Houphouët-Boigny
23%
Eritrea
Isaias Afewerki
22.1%
(People's) Republic of the Congo
Denis Sassou Nguesso
21%
Sierra Leone
Siaka Stevens
20.1%
Mozambique
Samora Machel
20.1%
Benin
Mathieu Kérékou
18.4%
Seychelles
France-Albert René
16.2%
Guinea-
Bissau
João Bernardo Vieira
16%
Niger
Seyni Kountché
13.8%
Cape Verde
Aristides Pereira
12.9%
Mauritania
Moktar Ould Daddah
10.9%
São Tomé and Príncipe
Manuel Pinto da Costa
10.5%
Burundi
Pierre Buyoya
7.9%
Djibouti
Hassan Gouled Aptidon
6.6%
Comoros
Ahmed Abdallah
6.1%
Madagascar
Didier Ratsiraka
5.3%
Quiz Playlist
Details
Report
Send in Message
Add To Playlist
More Info:
For convenience and consistency I have included no monarchs in this list, unless they proclaimed themselves monarch during their rule.
Classic:
Type in answers that appear in a list
Last Updated: Feb 16, 2017
Curator Pick in
Africa
Quiz Scoreboard
CHALLENGE
Sign Up to Join the Scoreboard
Show All
Scores
Hide
Comments
May contain spoilers
Recently Published
9x9 Crossword: Cartoon Network
by jackfrog10
Miscellaneous
3m
College Basketball Coaching Resumes
by pancakes188
Sports
9m
Billboard Blitz: Fleetwood Mac
by CooCooCachoo
Music
15s
More to Explore
Quiz From the Vault
Featured Blog Post
Where Did the Easter Bunny Come From?
hide this ad
You Might Also Like...
Tags
Africa Quiz
Country Quiz
dictator
dictatorship
Head of State
Leader
Today's Top Quizzes in History
Browse History
hide this ad
Today's Top Quizzes in Country
Browse Country
Top Contributed Quizzes in History
1
Popular People in 1991
2
Popular People in 1981
3
Popular People in 1951
4
Popular People in 1941
5
Popular People in 1986
6
Popular People in 1976
7
Popular People in 1921
8
5-to-1: 20th Century Images of War
9
I Am Born On March 28th
10
Popular People in 1946
Explore More
Trending Topics
NBA
Anime
Kpop
Crossword
Disney
Harry Potter
Marvel
The Office
Soccer
Pokémon
Song
NFL
WWE
Country
Puzzle
hide this ad
More By:
StupidBunny
Quiz
Plays
Rating
Category
Featured
Created
Countries Shorter Than the Burj Khalifa
46,565
4.26
Geography
Jan 18, 2012
Countries with Non-Contiguous Regions
9,390
4.41
Geography
Apr 20, 2011
Band/Artist by YouTube comments
3,408
4.70
Music
May 14, 2013
Doom Monsters Without Doom II
2,197
5.00
Gaming
Sep 17, 2013
Pink Floyd A to Z
1,619
5.00
Music
Apr 20, 2014
Go to Creator's Profile
Score Distribution
Quiz Creator Spotlight
StupidBunny
Follow
Send a Message
Quizzes Created
-
Created Quiz Play Count
-
More By This Creator
Popular Quizzes Today
1
Find the US States - No Outlines Minefield
2
Find the Countries of Europe - No Outlines Minefield
3
The Countries of the World
4
Find the US States
5
Risky Map Clicking: Biggest States A-Z
6
US States
7
Popular People in 1961
8
Movies - When Are They Set?
More History Quizzes
Hidden History Word Ladder III
Editor's Pick
Trending Quizzes
Risky Map Clicking: Least Populous States A-Z
1-10 Letter G Words
1-10 Letter F Words
Risky Map Clicking: Next State Alphabetically
Adjectives in 80s TV Shows
Recently Updated
Leaping Animals
pecheneg
Reality TV Shows (A-Z)
bhenderson79
Rickey Henderson's Hall of Fame Teammates
pecheneg
Champions League XIs: Arsenal
pecheneg
Quick Pick: Celebrities in WWE's Hall of Fame
aduchscher
A-Z Keypad Blitz II
pecheneg
Multiple Oscar Actors
pecheneg
Mystery Phrase Blitz: Oscar 'Best Actors'
pecheneg
F. Scott Fitzgerald Novels
LTH
Pick 3 Villains
ddd62291
Trending Topics
Anime
Kpop
Marvel
Harry Potter
Crossword
Disney
NBA
Song
Soccer
WWE
Pokémon
NFL
Country
Puzzle
The Office
Your Account Isn't Verified!
In order to create a playlist on Sporcle, you need to verify the email address you used during registration. Go to your
Sporcle Settings
to finish the process.
Report this User
Report this user for behavior that violates our
Community Guidelines
.
Details:
Send Report
Go to the Sporcle.com Mobile Site →
Comments